000 00501nmm a2200169Ia 4500
008 251105s9999||||xx |||||||||||||||||und||
020 _a9789681653576
041 _aspa
100 _aMuñiz-Huberman, Angelina
245 0 _aEl mercader de Tudela
264 _a[México D.C., Mexico] :
_bFondo de Cultura Económica,
_c2015
300 _a310 páginas
490 _aLetras Mexicanas
650 _aLatin American narrative
856 _uhttps://public.digitaliapublishing.com/a/43711
942 _cCF
999 _c96854
_d96854